00533nam a2200205 a 4500001001300000003000900013005001700022008004100039020001000080082001600090100003000106245001900136260003900155300000900194500003500203505001900238650001100257650002900268700003000297nice12345678IN_TiNIC20260116013808.0050524s1964 teha grp 000 0 per  ac10000a297.4bATT1 aAttar, Shaikh Fareeduddin aMantiq-Ut-Tair aTehranbUniversity of Tehranc1964 a384p aincludes index and biblioraphy2 aArabic-English aSufism aFareeduddin Attar-Sufism1 aAttar, Shaikh Fareeduddin